Bienvenue à la Médiathèque de Saint-Andiol
banniere
Accueil Recherche avancée Mon compte
handi1 Rechercher dans le catalogue

Filtre   Mots-clés
  Recherche avancée
 
Lister les dernières nouveautés
 
Lister les livres GROS CARACTERES
 
Lister les périodiques (magazines)

handi1 Café Engel

<< Retourner aux résultats de la recherche
Book Cover
Auteur principal : Anne Jacobs
Titre : Café Engel
Support : Livres
Langue : Francais
Publié : 2025 VDB La Roque-sur-Pernes
Genre : Roman
Sujets :
Étiquettes :
Pas de tags
LEADER 01863nam0a2200193 450
001 16868181
010 |a 978-2-36637-219-9  |b Br.  |d 29,9 € 
100 |a 20260403d2025 u u0frey01 ba 
101 1 |a fre  |c eng 
102 |a FR 
200 0 |a Café Engel  |f Anne Jacobs 
207 1 |a   
210 |a La Roque-sur-Pernes  |b 84  |c VDB  |d 2025 
215 |a 1 vol. (410 p.)  |c Couv ill  |d 22x15 cm 
330 |a Wiesbaden, 1945. La jeune Hilde a du mal à croire à sa chance : la guerre est finie et le Café Engel a été miraculeusement sauvé. Hilde rêve de redonner à l’entreprise familiale le prestige qu’elle avait autrefois, quand ce café emblématique de la région réunissait artistes et personnalités influentes. Pour cela elle ne peut compter que sur elle-même, sa mère peinant à reprendre goût à la vie après la disparition de son père sur le front français. Grâce au marché noir florissant, elle parvient à rouvrir le café, et les clients affluent. Des soldats américains comme des Fräuleins, ceux qui sont parvenus à garder leurs possessions pendant la guerre comme ceux qui ont tout perdu. Et contre toute attente, le père de Hilde est libéré et rentre chez lui. Mais, à peine retrouvée, la joie est de courte durée. Maintenant que son père est rentré, Hilde est reléguée à un rôle de serveuse. Et, lorsqu’une belle jeune femme réfugiée de Prusse orientale se présente au café comme sa cousine Luisa, c’est le coeur de tous les villageois qu’elle va conquérir. Y compris celui de l’amour de jeunesse de Hilde, le violoniste Fritz Bogner, revenu lui aussi d’un camp de prisonniers. Les deux rivales ont pourtant bien plus en commun qu’elles ne l’imaginent. 
700 0 |a Jacobs  |b Anne  |4 70 
900 |a Roman 
901 |a Adultes 
995 |a Médiathèque  |c Médiathèque  |f 089021819  |h 089021819  |k R JAC LV 2  |o p  |q a  |r az  |e Médiathèque